000 nam a22 7a 4500
999 _c49813
_d49813
003 OSt
005 20200302153856.0
008 200302b xxu||||| |||| 00| 0 eng d
040 _cIIMT COLLEGE OF POLYTECHNIC
100 _aSHARMA, ARCHANA
245 _aUNIVERSAL HUMAN VALUES (E)
260 _aMUZAFFARNAGAR
_bASIAN PUBLISHERS
_c2020
300 _a236
942 _2ddc
_c02